10 Rois français - Statistiques

Statistiques générales
  • Ce quiz a été pris 47 fois
  • Le résultat moyen est 6 sur 10
Statistiques - réponses
Par images Réponse % Correct
Napoléon I
90%
Henri IV
73%
Louis XIII
73%
François I
70%
Charlemagne
65%
Louis XIV
58%
Philippe I Auguste
35%
Louis IX
33%
Clovis I
30%
Philippe IV
25%
Aucun quiz correspondant
Distribution des résultats
% des personnes avec chaque résultat
Percentile par nombre de réponses
Votre historique - résultats
Vous n’avez pas pris ce quiz